| 000 | 00382 a2200157 4500 | ||
|---|---|---|---|
| 999 |
_c321310 _d321310 |
||
| 001 | 86237 | ||
| 003 | NUST | ||
| 005 | 20170511130314.0 | ||
| 008 | 170510b xxu||||| |||| 00| 0 eng d | ||
| 020 | _a9789695032831 | ||
| 040 | _cNust | ||
| 082 | _a891.4394 MUF | ||
| 100 |
_aMumtaz Mufti _9370 |
||
| 245 |
_aAukhay Avalray _cMumtaz Mufti _hUrdu |
||
| 250 | _a1st | ||
| 260 |
_aLahore _bAl Faisal Nashran _c2012 |
||
| 300 | _a236p. | ||
| 500 | _aGeneral Collection | ||
| 942 |
_aCAE NUST _cBK _k891.4394 MUF _2ddc |
||